000 00656nam a2200205 i 4500
001 bgj
245 0 0 _aBeing and becoming :
_ban introduction to literature /
_c[ed. by] Anne Mills King, Sandra Kurtinis.
260 _aNew York [etc.] :
_bMcGraw-Hill Publ.,
_ccop. 1987.
300 _aXIII, 1125 pp :
_bphot. ;
_c24 cm.
505 _aIncl. biographies of the authors and indexes.
650 9 _aLiterature
_xCollections
700 1 _aKING, Anne Mills.
_eed.
700 1 _aKURTINIS, Sandra.
_eed.
020 _a05550504 (pbk)
040 _cBPK
041 _aeng
920 _a0-555050-4 (pbk)
942 _cKS
008 s uk f |000 0 eng
999 _c47336
_d47336
856 _uhttp://koha.tu.koszalin.pl/cgi-bin/koha/opac-detail.pl?biblionumber=47336
_yKatalog online BPK